000
00214 a2200109 4500
020
_a
9780593571675
041
_a
eng
100
_a
Avant-garde, Zaila
245
_a
Words Are Magic!
942
_c
BK
999
_c
29952
_d
29950
999
_d
29950